Élimination par catégorie - Rois de France#2. - Statistiques

Statistiques générales
  • Ce quiz a été pris 1 902 fois
  • Le résultat moyen est 17 sur 20
Statistiques - réponses
Groupe # Catégorie % Correct
Vert 11 Roi s'appelant Charles
99%
Vert 7 ... n'étant pas carolingien
95%
Vert 4 ... ayant un chiffre pair
95%
Vert 2 ... ayant succédé à son frère
93%
Bleu 37 Roi ne s'appellant ni Louis, ni Charles
93%
Bleu 20 … n'ayant pas succédé à son père
91%
Bleu 12 … n'étant pas un mérovingien
90%
Vert 1 ... et n'étant pas mort roi Charles X
89%
Rose 18 Roi ayant régné entre 1000 et 1400…
86%
Jaune 13 Roi valois
84%
Bleu 5 … ayant régné après l'an 1000
84%
Rose 14 … étant capétien
83%
Rose 11 … s'appelant Louis ou Philippe
82%
Rose 5 … ayant un chiffre impair
81%
Rose 1 … ayant été canonisé Louis IX
80%
Jaune 7 … ayant régné avant 1500
77%
Jaune 5 …étant roi de France durant la guerre de Cent Ans
72%
Jaune 2 ... portant le numéro 6
71%
Jaune 1 ... ayant le même prénom que son père et son fils Charles VI
68%
Bleu 1 … étant le premier roi à porter ce nom François Ier
61%
Aucun quiz correspondant
Distribution des résultats
% des personnes avec chaque résultat
Percentile par nombre de réponses
Votre historique - résultats
Vous n’avez pas pris ce quiz